UNDERSTANDING RADIO A GUIDE TO PRACTICAL OPERATION AND THEORY (Record no. 567591)

000 -LEADER
fixed length control field 00340nam a22001217a 4500
082 ## - DEWEY DECIMAL CLASSIFICATION NUMBER
Classification number 621.384 WAT'U
100 ## - MAIN ENTRY--PERSONAL NAME
Personal name EBY, GEORGE S,WELCH, HERBERT E,WATSON, HERBERT M
9 (RLIN) 57295
245 ## - TITLE STATEMENT
Title UNDERSTANDING RADIO A GUIDE TO PRACTICAL OPERATION AND THEORY
250 ## - EDITION STATEMENT
Edition statement 3RD
260 ## - PUBLICATION, DISTRIBUTION, ETC.
Place of publication, distribution, etc. NEWYORK
Name of publisher, distributor, etc. MCGRAW HILL
Date of publication, distribution, etc. 1960
300 ## - PHYSICAL DESCRIPTION
Extent 706P
942 ## - ADDED ENTRY ELEMENTS (KOHA)
Koha item type Book
Holdings
Withdrawn status Lost status Damaged status Not for loan Permanent Location Current Location Shelving location Date acquired Total Checkouts Full call number Barcode Date last seen Price effective from Koha item type
        College of Electrical & Mechanical Engineering (CEME) College of Electrical & Mechanical Engineering (CEME) General Stacks 07/13/2017   621.384 WAT'U CEME-4227 06/28/2021 06/28/2021 Book
© 2023 Central Library, National University of Sciences and Technology. All Rights Reserved.